First garden of the republic : (Record no. 144539)
[ view plain ]
| 000 -LEADER | |
|---|---|
| fixed length control field | 00813nam a22002297a 4500 |
| 005 - DATE AND TIME OF LATEST TRANSACTION | |
| control field | 20180719144327.0 |
| 010 ## - LCCN (DPL NO) | |
| LC control number | 1718EN-30 ENG-123561 |
| 020 ## - INTERNATIONAL STANDARD BOOK NUMBER | |
| International Standard Book Number | 9788123021294 |
| Terms of availability | 1940.00 |
| 035 ## - SYSTEM CONTROL NUMBER | |
| System control number | EN-107093 |
| 037 ## - SOURCE OF ACQUISITION | |
| Source of stock number/acquisition | Bookwell |
| Stock number | dpl |
| 037 ## - SOURCE OF ACQUISITION | |
| Source of stock number/acquisition | DBAD/PUB. |
| 082 ## - DEWEY DECIMAL CLASSIFICATION NUMBER | |
| Classification number | 578.095416 |
| 245 ## - TITLE STATEMENT | |
| Title | First garden of the republic : |
| Statement of responsibility, etc | edited by Amita Baviskar; photography by Narendra Bisht |
| Remainder of title | nature in the President's estate / |
| 260 ## - PUBLICATION, DISTRIBUTION, ETC. (IMPRINT) | |
| Date of publication, distribution, etc | 2016 |
| Place of publication, distribution, etc | New Delhi |
| Name of publisher, distributor, etc | Rashtrapati Bhawan |
| 270 ## - ADDRESS | |
| Address | Rashtrapati Bhawan, |
| City | New Delhi |
| Postal code | 110015 |
| 300 ## - PHYSICAL DESCRIPTION | |
| Dimensions | 27cm(Hb) |
| Extent | 255p.: |
| Other physical details | ill. (col. pic.) |
| 500 ## - GENERAL NOTE | |
| General note | Includes bibliographical references and index |
| 700 ## - ADDED ENTRY--PERSONAL NAME | |
| Personal name | Baviskar, Amita |
| 700 ## - ADDED ENTRY--PERSONAL NAME | |
| Personal name | Bisht, Narendra |
| 942 ## - ADDED ENTRY ELEMENTS (KOHA) | |
| Item type | English Books |
| Source of classification or shelving scheme | Dewey Decimal Classification |
| Call number suffix | FIR |
| Classification part | 578.095416 |
| Withdrawn status | Lost status | Not for loan | Collection code | Home library | Current library | Date acquired | Source of acquisition | Cost, normal purchase price | Full call number | Barcode | Copy number | Cost, replacement price | Koha item type |
|---|---|---|---|---|---|---|---|---|---|---|---|---|---|
| Not For Loan | Non-fiction | D.B.Act.Division | Bawana | 19/07/2018 | DBAD/PUB | 1940.00 | 578.095416 FIR | EN-107093 | 1 | 1940.00 | English Books |
